| 000 | 00657nam a22001937a 4500 | ||
|---|---|---|---|
| 003 | BD-DhUL | ||
| 005 | 20211223144312.0 | ||
| 008 | 211221s2015 |||| |||| 000 0 ben d | ||
| 040 |
_aBD-DhUL _cBD-DhUL |
||
| 082 |
_a891.441 _bHOM |
||
| 100 | 1 | _aহোসেন, শাহানা। | |
| 245 | 0 | 0 |
_aমুক্তির কাব্য = _bPoems of freedoms / _cশাহানা হোসেন। |
| 260 |
_aখুলনা : _bসারাশ, _c২০১৫। |
||
| 300 |
_a৫৬ পৃ. ; _c২২ সেমি. |
||
| 365 |
_a150.00 _bBDT |
||
| 650 | 4 | _aবাংলা কবিতা | |
| 650 | 4 | _aBengali poetry | |
| 942 |
_2ddc _cBK |
||
| 999 |
_c255051 _d255051 |
||